000 00802nam a2200253Ia 4500
003 OSt
005 20220918171233.0
006 a|||||r|||| 00| 0
007 ta
008 220917b |||||||| |||| 00| 0 eng d
020 _a9781441167507 (hbk)
_c5709
024 _a285,569
037 _b380, 10/02/2015, Standard Book House
_cTextual
040 _aARTS
_cARTS
_beng
041 _2eng
_aeng
082 _aO111,IN32:g, Q4
100 _aZecchini Laetitia
_934996
245 0 _aArun Kolatkar and literary modernism in India
_b Moving lines
260 _aLondon
_bBloomsbury UK
_c2014
300 _axvii, 229p.
_ccm.
650 _aENGLISH LITERATURE
942 _hO111,IN32:g, Q4
_cTEXL
_2CC
999 _c138507
_d138507